Statistics for Geography Tile Quiz

Click here to take the quiz!

General Stats

  • This quiz has been taken 102 times
  • The average score is 42 of 48

Answer Stats

QuestionTileSelect?% Correct
Which countries have Blue on their flagJapan
100%
Countries Whose capital begins with vowelPoland
99%
Countries Whose capital begins with vowelRussia
99%
Countries Whose capital begins with vowelFrance
99%
Which countries have Blue on their flagIreland
99%
Which countries have Blue on their flagChina
99%
Countries who have hosted Football World CupEgypt
98%
Countries Whose capital begins with vowelAustralia
98%
Countries Whose capital begins with vowelMalta
98%
Which countries have Blue on their flagCanada
98%
Countries Whose capital begins with vowelItaly
98%
Countries who have hosted Football World CupTunisia
98%
Countries who have hosted Football World CupFinland
97%
Countries Whose capital begins with vowelUK
97%
Countries Whose capital begins with vowelIceland
97%
Countries Whose capital begins with vowelIndia
96%
Which countries have Blue on their flagSwitzerland
96%
Countries Whose capital begins with vowelNorway
95%
Which countries have Blue on their flagSpain
95%
Which countries have Blue on their flagUK
94%
Countries who have hosted Football World CupUK
93%
Countries who have hosted Football World CupSpain
91%
Which countries have Blue on their flagHungary
91%
Countries Whose capital begins with vowelAlgeria
90%
Countries Whose capital begins with vowelCanada
90%
Countries Whose capital begins with vowelNetherlands
89%
Countries who have hosted Football World CupItaly
89%
Which countries have Blue on their flagSweden
89%
Which countries have Blue on their flagPortugal
88%
Which countries have Blue on their flagBulgaria
88%
Which countries have Blue on their flagItaly
88%
Which countries have Blue on their flagIceland
86%
Countries who have hosted Football World CupChina
86%
Which countries have Blue on their flagLuxembourg
86%
Countries who have hosted Football World CupMexico
84%
Countries Whose capital begins with vowelMongolia
83%
Countries who have hosted Football World CupCanada
83%
Which countries have Blue on their flagNetherlands
82%
Countries Whose capital begins with vowelJordan
81%
Which countries have Blue on their flagUkraine
81%
Countries who have hosted Football World CupBelgium
80%
Countries Whose capital begins with vowelParaguay
77%
Countries who have hosted Football World CupJapan
71%
Countries who have hosted Football World CupColombia
71%
Countries who have hosted Football World CupPortugal
69%
Countries who have hosted Football World CupSweden
44%
Countries who have hosted Football World CupChile
38%
Countries who have hosted Football World CupSwitzerland
26%

Score Distribution

Percentile by Number Answered

Percent of People with Each Score

Your Score History

You have not taken this quiz